[Event "Krakow op-A 23rd"]
[Site "Krakow"]
[Date "2012.12.28"]
[Round "2"]
[White "Ivaschenko, Dmitry"]
[Black "Aliavdin, Nikolai"]
[Result "1/2-1/2"]
[WhiteElo "2175"]
[BlackElo "2371"]
[PlyCount "96"]
[EventDate "2012.12.27"]
[EventType "swiss"]
[EventRounds "9"]
[EventCountry "POL"]
[SourceTitle "CBM 152 Extra"]
[Source "ChessBase"]
[SourceDate "2013.02.25"]
[SourceVersion "1"]
[SourceVersionDate "2013.02.25"]
[SourceQuality "1"]

1. c4 e5 2. Nc3 Bb4 3. g3 Bxc3 4. bxc3 d6 5. Bg2 f5 6. Rb1 Nc6 7. d4 Qf6 8. Be3 Nge7 9. Nf3 0-0 10. 0-0 f4 11. Bc1 Rb8 12. Rb2 b6 13. Nd2 Na5 14. e3 Bb7 15. Bxb7 Rxb7 16. Qg4 Qg6 17. Qxg6 Nxg6 18. exf4 exf4 19. Kg2 c5 20. Re1 Re7 21. Rxe7 Nxe7 22. Rc2 Nec6 23. Bb2 h6 24. Rc1 fxg3 25. hxg3 Re8 26. Kf3 Kf7 27. Rh1 Rc8 28. Rh4 Nd8 29. d5 Rc7 30. Nf1 Kg8 31. Re4 Nf7 32. Ke2 Ng5 33. Rh4 Re7+ 34. Ne3 Kh7 35. Bc1 Ne4 36. Bd2 g5 37. Rxh6+ Kxh6 38. Nf5+ Kh5 39. Nxe7 Nxc4 40. Be1 b5 41. g4+ Kh6 42. f3 Nf6 43. Bg3 Ne8 44. f4 gxf4 45. Bxf4+ Kg7 46. g5 Kf7 47. Nf5 Kg6 48. Ne7+ Kf7 1/2-1/2

[Event "Myrhorod op"]
[Site "Myrhorod"]
[Date "2011.07.11"]
[Round "5"]
[White "Ivaschenko, Dmitry"]
[Black "Vorontsov, Pavlo"]
[Result "1-0"]
[WhiteElo "2194"]
[BlackElo "2064"]
[PlyCount "67"]
[EventDate "2011.07.09"]
[EventType "swiss"]
[EventRounds "9"]
[EventCountry "UKR"]
[SourceTitle "CBM 143 Extra"]
[Source "ChessBase"]
[SourceDate "2011.08.29"]
[SourceVersion "1"]
[SourceVersionDate "2011.08.29"]
[SourceQuality "1"]

1. d4 Nf6 2. Nf3 e6 3. Bf4 c5 4. c3 Nc6 5. e3 b6 6. h3 Bb7 7. Be2 Be7 8. 0-0 0-0 9. Nbd2 d6 10. Bh2 Rc8 11. Re1 Re8 12. Bf1 Bf8 13. e4 e5 14. dxe5 dxe5 15. Nc4 Qc7 16. Qc2 Nd7 17. Ne3 Nd8 18. Rad1 a6 19. a4 Ne6 20. Nd5 Qb8 21. Qb3 Rc6 22. Bc4 Bd6 23. Ne3 Bc8 24. Bd5 Rc7 25. Bxe6 Rxe6 26. Ng5 c4 27. Nxc4 Nc5 28. Qc2 Be7 29. Nxe6 Bxe6 30. Nd2 f6 31. b4 Nd7 32. Qb2 Qc8 33. Rc1 b5 34. a5 1-0

[Event "Myrhorod op"]
[Site "Myrhorod"]
[Date "2011.07.09"]
[Round "2"]
[White "Solonsky, Alexandr"]
[Black "Ivaschenko, Dmitry"]
[Result "1/2-1/2"]
[WhiteElo "1970"]
[BlackElo "2194"]
[PlyCount "98"]
[EventDate "2011.07.09"]
[EventType "swiss"]
[EventRounds "9"]
[EventCountry "UKR"]
[SourceTitle "CBM 143 Extra"]
[Source "ChessBase"]
[SourceDate "2011.08.29"]
[SourceVersion "1"]
[SourceVersionDate "2011.08.29"]
[SourceQuality "1"]

1. e4 e6 2. d4 d5 3. Nc3 Nf6 4. Bg5 Be7 5. e5 Nfd7 6. h4 h6 7. Be3 a6 8. Qg4 Bf8 9. Rh3 h5 10. Qf4 g6 11. Rf3 Qe7 12. Bd3 c5 13. Qg3 cxd4 14. Rxf7 Qxf7 15. Bxg6 dxe3 16. Bxf7+ Kxf7 17. Nh3 Nc6 18. Ng5+ Ke7 19. f4 Nd4 20. 0-0-0 Nf5 21. Qh3 Nb6 22. a4 Bd7 23. a5 Nc4 24. Rxd5 e2 25. Qh1 Nce3 26. Rd2 Nf1 27. Rxe2 N1g3 28. Qe1 Nxe2+ 29. Nxe2 Ke8 30. Ng3 Nxg3 31. Qxg3 Be7 32. Ne4 Kf7 33. Qb3 Bc6 34. Ng5+ Bxg5 35. fxg5 Rae8 36. Qg3 Kg6 37. Qd3+ Kg7 38. Qe2 Rd8 39. Qc4 Rhf8 40. b3 Rd5 41. Qe2 Be8 42. g4 hxg4 43. Qxg4 Rxe5 44. Qd4 Rff5 45. Qd6 Bc6 46. Qc7+ Kg6 47. Qb8 Kh7 48. Qc7+ Kg8 49. Qb8+ Kh7 1/2-1/2